00832cam a22002292 450000100060000000300080000600500170001400800410003103500510007204000320012304100130015508200210016810000370018924501420022626000480036830000350041650000200045150400460047165000320051770000200054970000330056917751BD-RjUL20211209000203.0140217s1949 nyua b 001 0 eng d aOCLC ocm00567397 from D970811Ma(BD-RjUL)17809 aDLCcWSUdSERdBD-RjULbeng1 aenghger a667.2bFIF 19491 aFierz-David, Hans Eduard,d1882-10aFundamental processes of dye chemistry /cby Hans Eduard Fierz-David and Louis Blangey. Tr. from the 5th Austrian ed., by Paul W. Vittum. aNew York :bInterscience Publishers,c1949. axxix, 479 p. :bill. ;c24 cm. aIncludes index. a"Literature on analysis of dyes": p. 410. 0aDyes and dyeingxChemistry.1 aBlangey, Louis.1 aVittum, Paul Wendell,d1909-